zpět

Detail výsledku týmu

Barcelounoc - Vinohrady, Praha

Datum a čas kvízu

18.5 Celkem bodů Celkový počet nahraných bodů na tomto kvízu bez doplňovacích otázek.
9. Pořadí na kvízu Konečné umístění týmu na tomto kvízu.

Zaznamenané odpovědi

# Otázka Odpověď Body Výsledky
1. Novinářskou cenu Ferdinanda Pe... 0.5
2. Podle čínského kalendáře vstou... 1
3. Cenu Grammy za nejlepší rockov... 0
4. Zatímco s robotickým vozítkem... 0
5. Martina Sáblíková šokovala sou... 0
6. O Venezuele se poslední dobou... 0
7. Důvodem, proč se o Venezuele m... 1
8. Jak se slovy na V a K česky ří... 0
9. Nejvyšší vodopád na světě najd... 0
10. Vzhledem k přírodním podmínkám... 0